Vývoj novej ekonomiky ako dôsledok procesu digitalizácie
Charakteristika novej verzus starej ekonomiky. E-Business (elektronické podnikanie), e-commerce (elektronický obchod), internetový marketing (e-marketing) a ich vzájomný vzťah. Vzťah medzi e-business a e-commerce. Základné modely e-commerce. Webový marketingový mix. Zľavové portály.
Gespeichert in:
| 1. Verfasser: | |
|---|---|
| Weitere Verfasser: | |
| Format: | Buchkapitel |
| Sprache: | Slowakisch |
| Schlagworte: | |
| Tags: |
Keine Tags, Fügen Sie das erste Tag hinzu!
|
MARC
| LEADER | 00000nla a2200000 4500 | ||
|---|---|---|---|
| 001 | 0240527 | ||
| 005 | 20240502073918.0 | ||
| 041 | 0 | |a slo | |
| 044 | |a SK | ||
| 245 | 1 | 0 | |a Vývoj novej ekonomiky ako dôsledok procesu digitalizácie |c Juliána Jenčová, Lenka Danková |
| 520 | |a Charakteristika novej verzus starej ekonomiky. E-Business (elektronické podnikanie), e-commerce (elektronický obchod), internetový marketing (e-marketing) a ich vzájomný vzťah. Vzťah medzi e-business a e-commerce. Základné modely e-commerce. Webový marketingový mix. Zľavové portály. | ||
| 610 | 2 | 0 | |a ekonomika nová |
| 610 | 2 | 0 | |a digitalizácia |
| 610 | 2 | 0 | |a internet |
| 610 | 2 | 0 | |a stránky webové |
| 610 | 2 | 0 | |a nákup |
| 610 | 2 | 0 | |a nákup elektronický |
| 610 | 2 | 0 | |a obchod |
| 610 | 2 | 0 | |a obchod elektronický |
| 610 | 2 | 0 | |a podnikanie |
| 610 | 2 | 0 | |a podnikanie elektronické |
| 610 | 2 | 0 | |a marketing |
| 610 | 2 | 0 | |a marketing elektronický |
| 610 | 2 | 0 | |a marketing mix |
| 610 | 2 | 0 | |a komunikácia marketingová |
| 610 | 2 | 0 | |a zľavy obchodné |
| 100 | 1 | |a Jenčová, Juliána, 1996- | |
| 700 | 1 | |a Danková, Lenka, 1993- | |